| 000 | 00801nam a2200217 a 4500 | ||
|---|---|---|---|
| 005 | 20250312063756.0 | ||
| 008 | 080918s1968 mx r 000 0 spa d | ||
| 035 | _aUPN01000159750 | ||
| 049 | _aUNE | ||
| 080 | _a37.014.5 =40 VAI No.6. | ||
| 100 | 1 | _aVaizey, John | |
| 245 | 1 | 3 |
_aLa Planification de l'enseignement: évaluation des coûts / _cJ. Vaizey;J.D. Chesswas. |
| 260 |
_aParis : _bUNESCO; _aGeneva : _bInternational Institute for Educational Planning, _c1968. |
||
| 300 | _a65 p. | ||
| 440 | 0 | _aPrincipes de la planification de l'éducation; 6 | |
| 690 | _aPlanificacion y administracion de la educacion | ||
| 690 |
_aFinanciación de la Educación _91620 |
||
| 700 | 1 | _aChesswas, John, coaut. | |
| 710 | 2 | _aUNESCO. International Institute for Educational Planning. | |
| 905 | _aUNESCO | ||
| 999 |
_c131864 _d131864 |
||